00422nam a2200121Ia 4500008004100000245015900041260001700200260000900217300000900226650002300235650001200258856003000270170516s9999 xx 000 0 und d aBlood Accessibility to Fibrin in Venous Thrombosis is Thrombus Age-Dependent and Predicts Fibrinolytic Efficacy: An In Vivo Fibrin Molecular Imaging Study bTheranostics c2015 a5:12 xMedical Technology xMedtech uhttp://www.thno.org/v5i12